000
00397nam a2200157Ia 4500
008
100122s9999 xx 000 0 und d
082
_b
62547
_a
824
100
_a
प्रभावळकर दिलीप
245
_a
झूम
250
_a
2
260
_b
प्रभात प्रकाशन
_c
1997
300
_a
128
630
_a
झूम
730
_a
झूम
942
_c
BOOK
999
_c
436885
_d
436882